Statistics for Presidents That Died in Office

Click here to take the quiz!

General Stats

  • This quiz has been taken 98 times
  • The average score is 6 of 8

Answer Stats

President% Correct
Abraham Lincoln
98%
John F. Kennedy
97%
Franklin D. Roosevelt
89%
William McKinley
82%
James Garfield
80%
William Henry Harrison
74%
Zachary Taylor
64%
Warren Harding
53%

Score Distribution

Percentile by Number Answered

Percent of People with Each Score

Your Score History

You have not taken this quiz